[Event "FIDE World Youth U16 Chess Olympiad SLOVAKIA 2016"]
[Site "Poprad Tatry SLOVAKIA"]
[Date "2016.07.25"]
[Round "5"]
[Board "3"]
[White "Taragelova, Martina"]
[Black "Cabanova, Kristina"]
[Result "1-0"]
[WhiteElo "1626"]
[BlackElo "1609"]
[PlyCount "0"]
[EventDate "2016.07.22"]
[EventType "team"]
[EventRounds "9"]
[EventCountry "SVK"]
[WhiteTeam "Slovakia LSS B"]
[BlackTeam "Slovakia RSA BB Detva"]

1. d4 {[%clk 1:30:56]} d5 {[%clk 1:30:30]} 2. c4 {[%clk 1:31:16]} c6
{[%clk 1:29:58]} 3. cxd5 {[%clk 1:31:27]} cxd5 {[%clk 1:28:45]} 4. Nc3
{[%clk 1:31:43]} Nf6 {[%clk 1:26:50]} 5. Nf3 {[%clk 1:32:04]} Bf5
{[%clk 1:19:29]} 6. Bf4 {[%clk 1:31:04]} Nc6 {[%clk 1:18:01]} 7. e3
{[%clk 1:31:13]} a6 {[%clk 1:16:53]} 8. Rc1 {[%clk 1:29:26]} e6 {[%clk 1:15:25]}
9. Qb3 {[%clk 1:28:28]} Qd7 {[%clk 1:09:21]} 10. Be2 {[%clk 1:22:22]} Be7
{[%clk 1:08:54]} 11. O-O {[%clk 1:18:57]} O-O {[%clk 1:06:40]} 12. Ne5
{[%clk 1:09:15]} Nxe5 {[%clk 1:05:30]} 13. Bxe5 {[%clk 1:08:14]} Ne4
{[%clk 1:04:06]} 14. Nxe4 {[%clk 1:07:22]} Bxe4 {[%clk 1:04:21]} 15. Rc7
{[%clk 1:06:37]} Qd8 {[%clk 1:03:49]} 16. Rxb7 {[%clk 1:01:54]} Bd6
{[%clk 1:00:26]} 17. Bxd6 {[%clk 0:58:44]} Qxd6 {[%clk 1:00:50]} 18. Qb6
{[%clk 0:57:07]} Qxb6 {[%clk 0:58:02]} 19. Rxb6 {[%clk 0:56:38]} Rfb8
{[%clk 0:58:07]} 20. Rxb8+ {[%clk 0:53:19]} Rxb8 {[%clk 0:58:32]} 21. Rc1
{[%clk 0:51:07]} Kf8 {[%clk 0:57:43]} 22. b3 {[%clk 0:50:05]} a5 {[%clk 0:57:21]}
23. f3 {[%clk 0:46:09]} Bg6 {[%clk 0:57:10]} 24. Kf2 {[%clk 0:44:32]} a4
{[%clk 0:55:03]} 25. Bd1 {[%clk 0:42:12]} axb3 {[%clk 0:53:52]} 26. Bxb3
{[%clk 0:42:02]} Ra8 {[%clk 0:53:49]} 27. a4 {[%clk 0:40:15]} Bd3
{[%clk 0:53:09]} 28. Ke1 {[%clk 0:39:11]} Ke8 {[%clk 0:49:40]} 29. Kd2
{[%clk 0:38:06]} Ba6 {[%clk 0:49:43]} 30. Bc2 {[%clk 0:35:15]} Kd8
{[%clk 0:48:11]} 31. Ra1 {[%clk 0:32:46]} Bb5 {[%clk 0:46:51]} 32. a5
{[%clk 0:31:43]} Kc7 {[%clk 0:47:01]} 33. Kc3 {[%clk 0:30:46]} Kc6
{[%clk 0:47:00]} 34. Kb4 {[%clk 0:29:38]} Rb8 {[%clk 0:46:27]} 35. Kc3
{[%clk 0:27:57]} Ra8 {[%clk 0:46:46]} 36. e4 {[%clk 0:27:03]} Bc4
{[%clk 0:44:57]} 37. exd5+ {[%clk 0:23:36]} exd5 {[%clk 0:41:30]} 38. Ba4+
{[%clk 0:19:20]} Bb5 {[%clk 0:40:04]} 39. Kb4 {[%clk 0:11:13]} Bxa4
{[%clk 0:39:56]} 40. Rc1+ {[%clk 0:10:43]} Kb7 {[%clk 0:38:47]} 41. Kxa4
{[%clk 0:10:46]} Ka6 {[%clk 0:38:48]} 42. Rc6+ {[%clk 0:10:46]} Kb7
{[%clk 0:39:11]} 43. Rd6 {[%clk 0:10:43]} Rc8 {[%clk 0:37:54]} 44. Rxd5
{[%clk 0:09:29]} Rc2 {[%clk 0:38:10]} 45. Rd7+ {[%clk 0:03:04]} Ka6
{[%clk 0:37:23]} 46. Rxf7 {[%clk 0:02:34]} Rc4+ {[%clk 0:36:23]} 47. Kb3
{[%clk 0:02:39]} Rxd4 {[%clk 0:36:42]} 48. Rxg7 {[%clk 0:02:34]} Rh4
{[%clk 0:37:05]} 49. h3 {[%clk 0:02:27]} Kxa5 {[%clk 0:37:24]} 50. Rg4
{[%clk 0:02:30]} Rh6 {[%clk 0:37:46]} 51. Kc4 {[%clk 0:02:40]} Kb6
{[%clk 0:38:09]} 52. Kd5 {[%clk 0:02:42]} Kc7 {[%clk 0:38:11]} 53. Rg7+
{[%clk 0:02:42]} Kd8 {[%clk 0:38:38]} 54. f4 {[%clk 0:02:42]} Ke8
{[%clk 0:39:03]} 55. f5 {[%clk 0:02:52]} Rh5 {[%clk 0:38:44]} 56. Ke6
{[%clk 0:02:43]} Rh6+ {[%clk 0:39:03]} 57. f6 {[%clk 0:02:52]} Kf8
{[%clk 0:39:24]} 58. Rc7 {[%clk 0:03:11]} 1-0

[Event "FIDE World Youth U16 Chess Olympiad SLOVAKIA 2016"]
[Site "Poprad Tatry SLOVAKIA"]
[Date "2016.07.25"]
[Round "5"]
[Board "4"]
[White "Bobrova, Katarina"]
[Black "Datelova, Daniela"]
[Result "0-1"]
[WhiteElo "1370"]
[BlackElo "1272"]
[PlyCount "0"]
[EventDate "2016.07.22"]
[EventType "team"]
[EventRounds "9"]
[EventCountry "SVK"]
[WhiteTeam "Slovakia RSA BB Detva"]
[BlackTeam "Slovakia LSS B"]

1. Nf3 {[%clk 1:30:51]} d5 {[%clk 1:30:45]} 2. d4 {[%clk 1:30:44]} Nf6
{[%clk 1:31:01]} 3. Bf4 {[%clk 1:29:50]} c5 {[%clk 1:31:12]} 4. e3
{[%clk 1:27:54]} Nc6 {[%clk 1:31:12]} 5. c4 {[%clk 1:27:07]} e6 {[%clk 1:29:49]}
6. Nc3 {[%clk 1:25:39]} a6 {[%clk 1:27:03]} 7. Bd3 {[%clk 1:23:23]} Bd6
{[%clk 1:26:36]} 8. Bg3 {[%clk 1:22:02]} O-O {[%clk 1:26:09]} 9. O-O
{[%clk 1:20:28]} b6 {[%clk 1:19:12]} 10. e4 {[%clk 1:16:18]} Bxg3
{[%clk 1:17:48]} 11. hxg3 {[%clk 1:15:41]} dxc4 {[%clk 1:15:28]} 12. Bxc4
{[%clk 1:12:40]} Nxd4 {[%clk 1:15:04]} 13. Nxd4 {[%clk 1:06:28]} cxd4
{[%clk 1:14:40]} 14. e5 {[%clk 1:04:08]} dxc3 {[%clk 1:04:06]} 15. exf6
{[%clk 1:04:24]} Qxf6 {[%clk 1:03:54]} 16. bxc3 {[%clk 0:59:50]} Qxc3
{[%clk 1:03:36]} 17. Bb3 {[%clk 0:58:27]} Bb7 {[%clk 1:02:48]} 18. Rc1
{[%clk 0:58:00]} Qf6 {[%clk 1:01:23]} 19. Qe2 {[%clk 0:50:50]} a5
{[%clk 0:59:31]} 20. Rfd1 {[%clk 0:47:06]} Rfd8 {[%clk 0:55:51]} 21. Qb5
{[%clk 0:34:28]} e5 {[%clk 0:47:25]} 22. Re1 {[%clk 0:30:55]} Re8
{[%clk 0:44:36]} 23. f4 {[%clk 0:29:01]} e4 {[%clk 0:44:34]} 24. Rc7
{[%clk 0:17:19]} Re7 {[%clk 0:39:01]} 25. Rxe7 {[%clk 0:14:13]} Qxe7
{[%clk 0:37:47]} 26. Qxb6 {[%clk 0:14:09]} a4 {[%clk 0:28:00]} 27. Bc4
{[%clk 0:12:59]} Rc8 {[%clk 0:21:09]} 28. Rd1 {[%clk 0:09:04]} g6
{[%clk 0:20:59]} 29. Bb5 {[%clk 0:08:28]} a3 {[%clk 0:19:22]} 30. Rd7
{[%clk 0:07:55]} Rc1+ {[%clk 0:13:56]} 31. Kh2 {[%clk 0:08:02]} Qb4
{[%clk 0:10:37]} 32. Qxb7 {[%clk 0:04:36]} Qe1 {[%clk 0:09:40]} 33. Kh3
{[%clk 0:03:55]} Qh1+ {[%clk 0:09:40]} 34. Kg4 {[%clk 0:00:47]} Qh5#
{[%clk 0:10:05]} 0-1

[Event "FIDE World Youth U16 Chess Olympiad SLOVAKIA 2016"]
[Site "Poprad Tatry SLOVAKIA"]
[Date "2016.07.25"]
[Round "5"]
[Board "1"]
[White "Kardis, Benjamin"]
[Black "Michaelides, Konstantinos"]
[Result "1/2-1/2"]
[WhiteElo "1720"]
[BlackElo "2154"]
[PlyCount "0"]
[EventDate "2016.07.22"]
[EventType "team"]
[EventRounds "9"]
[EventCountry "SVK"]
[WhiteTeam "Slovakia PSZ"]
[BlackTeam "Cyprus"]

1. d4 {[%clk 1:30:55]} Nf6 {[%clk 1:30:52]} 2. Nf3 {[%clk 1:31:18]} e6
{[%clk 1:31:09]} 3. Bf4 {[%clk 1:29:11]} d5 {[%clk 1:30:17]} 4. e3
{[%clk 1:29:12]} Bd6 {[%clk 1:29:45]} 5. Bxd6 {[%clk 1:29:11]} Qxd6
{[%clk 1:30:12]} 6. c3 {[%clk 1:29:23]} b6 {[%clk 1:29:27]} 7. Bd3
{[%clk 1:27:57]} O-O {[%clk 1:29:39]} 8. O-O {[%clk 1:27:06]} Nbd7
{[%clk 1:25:59]} 9. Nbd2 {[%clk 1:24:34]} Bb7 {[%clk 1:24:50]} 10. Qc2
{[%clk 1:23:41]} e5 {[%clk 1:23:31]} 11. dxe5 {[%clk 1:21:17]} Nxe5
{[%clk 1:23:57]} 12. Nxe5 {[%clk 1:21:13]} Qxe5 {[%clk 1:24:25]} 13. Nf3
{[%clk 1:21:26]} Qe7 {[%clk 1:24:02]} 14. Rfe1 {[%clk 1:17:19]} Rad8
{[%clk 1:17:05]} 15. Rad1 {[%clk 1:14:57]} c5 {[%clk 1:14:09]} 16. a3
{[%clk 1:07:06]} Bc6 {[%clk 1:06:25]} 17. c4 {[%clk 0:57:43]} Ne4
{[%clk 0:57:44]} 18. cxd5 {[%clk 0:55:13]} Bxd5 {[%clk 0:58:01]} 19. Nd2
{[%clk 0:55:05]} f5 {[%clk 0:36:34]} 20. f3 {[%clk 0:51:18]} Nxd2
{[%clk 0:36:26]} 21. Rxd2 {[%clk 0:51:12]} Bb7 {[%clk 0:35:05]} 22. e4
{[%clk 0:50:13]} Qe5 {[%clk 0:34:12]} 23. Ree2 {[%clk 0:48:59]} f4
{[%clk 0:29:20]} 24. Bc4+ {[%clk 0:41:43]} Kh8 {[%clk 0:29:48]} 25. Rxd8
{[%clk 0:41:23]} Rxd8 {[%clk 0:30:16]} 26. Rd2 {[%clk 0:41:19]} Rd4
{[%clk 0:23:57]} 27. Qc3 {[%clk 0:41:07]} g5 {[%clk 0:21:18]} 28. Rxd4
{[%clk 0:40:35]} cxd4 {[%clk 0:19:47]} 29. Qb4 {[%clk 0:40:30]} Qc5
{[%clk 0:13:26]} 30. Qxc5 {[%clk 0:40:48]} bxc5 {[%clk 0:13:55]} 31. b4
{[%clk 0:41:01]} cxb4 {[%clk 0:14:01]} 32. axb4 {[%clk 0:41:30]} Kg7
{[%clk 0:14:18]} 33. Kf2 {[%clk 0:41:21]} Kf6 {[%clk 0:14:43]} 34. Ke2
{[%clk 0:40:31]} Ke5 {[%clk 0:14:52]} 35. Bd3 {[%clk 0:40:19]} h5
{[%clk 0:13:28]} 1/2-1/2

[Event "FIDE World Youth U16 Chess Olympiad SLOVAKIA 2016"]
[Site "Poprad Tatry SLOVAKIA"]
[Date "2016.07.25"]
[Round "5"]
[Board "2"]
[White "Hadjinicolaou, Andreas"]
[Black "Panko, Eduard"]
[Result "1/2-1/2"]
[WhiteElo "1618"]
[BlackElo "1712"]
[PlyCount "0"]
[EventDate "2016.07.22"]
[EventType "team"]
[EventRounds "9"]
[EventCountry "SVK"]
[WhiteTeam "Cyprus"]
[BlackTeam "Slovakia PSZ"]

1. d4 {[%clk 1:30:56]} Nf6 {[%clk 1:30:49]} 2. Nf3 {[%clk 1:31:22]} d6
{[%clk 1:30:58]} 3. e3 {[%clk 1:30:31]} g6 {[%clk 1:31:03]} 4. Bd3
{[%clk 1:30:44]} Bg7 {[%clk 1:31:20]} 5. O-O {[%clk 1:30:51]} O-O
{[%clk 1:31:36]} 6. b3 {[%clk 1:31:03]} b6 {[%clk 1:31:25]} 7. Bb2
{[%clk 1:30:16]} Bb7 {[%clk 1:31:35]} 8. Nbd2 {[%clk 1:30:27]} Nbd7
{[%clk 1:31:50]} 9. c4 {[%clk 1:28:57]} e6 {[%clk 1:30:27]} 10. Rc1
{[%clk 1:27:55]} Qe7 {[%clk 1:29:56]} 11. e4 {[%clk 1:24:02]} Rfd8
{[%clk 1:24:21]} 12. Qe2 {[%clk 1:21:19]} Nh5 {[%clk 1:22:30]} 13. g3
{[%clk 1:18:09]} c5 {[%clk 1:21:16]} 14. Rfd1 {[%clk 1:03:35]} cxd4
{[%clk 1:20:20]} 15. Bxd4 {[%clk 1:03:22]} Bxd4 {[%clk 1:10:11]} 16. Nxd4
{[%clk 1:03:45]} Qg5 {[%clk 1:08:39]} 17. N2f3 {[%clk 0:45:23]} Qg4
{[%clk 1:03:44]} 18. h3 {[%clk 0:43:05]} Qxh3 {[%clk 1:02:55]} 19. Ng5
{[%clk 0:43:20]} Nxg3 {[%clk 1:02:47]} 20. Nxh3 {[%clk 0:43:30]} Nxe2+
{[%clk 1:03:08]} 21. Nxe2 {[%clk 0:43:50]} Nc5 {[%clk 1:03:07]} 22. f3
{[%clk 0:42:42]} Nxd3 {[%clk 1:03:23]} 23. Rxd3 {[%clk 0:43:06]} Rd7
{[%clk 1:02:42]} 24. Rcd1 {[%clk 0:43:02]} Rad8 {[%clk 1:03:04]} 25. Nc3
{[%clk 0:43:24]} Ba6 {[%clk 0:59:11]} 26. R3d2 {[%clk 0:35:08]} f6
{[%clk 0:53:45]} 27. Ne2 {[%clk 0:28:12]} Kf7 {[%clk 0:51:08]} 28. Nd4
{[%clk 0:27:25]} Rc8 {[%clk 0:47:13]} 29. f4 {[%clk 0:24:34]} Ke7
{[%clk 0:40:03]} 30. f5 {[%clk 0:18:31]} gxf5 {[%clk 0:37:28]} 31. exf5
{[%clk 0:18:01]} e5 {[%clk 0:37:43]} 32. Ne6 {[%clk 0:17:17]} Bb7
{[%clk 0:35:46]} 33. Kf2 {[%clk 0:14:32]} Rg8 {[%clk 0:34:37]} 34. Rg1
{[%clk 0:14:31]} Rxg1 {[%clk 0:34:09]} 35. Kxg1 {[%clk 0:14:56]} Be4
{[%clk 0:34:23]} 36. Nd4 {[%clk 0:04:16]} exd4 {[%clk 0:29:18]} 37. Re2
{[%clk 0:04:40]} d5 {[%clk 0:28:29]} 38. cxd5 {[%clk 0:05:04]} Rxd5
{[%clk 0:28:51]} 39. Rxe4+ {[%clk 0:05:28]} Kf7 {[%clk 0:27:48]} 40. Rf4
{[%clk 0:05:29]} d3 {[%clk 0:26:54]} 41. Nf2 {[%clk 0:05:29]} d2 {[%clk 0:26:22]}
42. Nd1 {[%clk 0:05:52]} Ra5 {[%clk 0:24:40]} 43. a4 {[%clk 0:01:43]} Re5
{[%clk 0:24:21]} 44. Rf2 {[%clk 0:01:25]} Re1+ {[%clk 0:23:10]} 45. Rf1
{[%clk 0:01:50]} Ke7 {[%clk 0:20:13]} 46. Kf2 {[%clk 0:01:26]} Kd6
{[%clk 0:15:00]} 47. Rxe1 {[%clk 0:01:38]} dxe1=Q+ {[%clk 0:15:16]} 48. Kxe1
{[%clk 0:02:04]} Ke5 {[%clk 0:15:26]} 49. Ne3 {[%clk 0:02:29]} Ke4
{[%clk 0:15:23]} 50. Kd2 {[%clk 0:01:57]} h5 {[%clk 0:15:32]} 51. Ke2
{[%clk 0:01:14]} h4 {[%clk 0:15:48]} 52. Kf2 {[%clk 0:00:55]} h3 {[%clk 0:12:22]}
53. Ke2 {[%clk 0:01:18]} Kf4 {[%clk 0:11:07]} 54. Nf1 {[%clk 0:00:50]} Kxf5
{[%clk 0:11:11]} 55. Kf3 {[%clk 0:00:38]} Ke5 {[%clk 0:11:19]} 56. Ne3
{[%clk 0:00:35]} Kd4 {[%clk 0:11:30]} 57. Nc4 {[%clk 0:00:34]} Kc3
{[%clk 0:10:54]} 58. Nd6 {[%clk 0:00:50]} h2 {[%clk 0:11:01]} 59. Kg2
{[%clk 0:01:07]} h1=Q+ {[%clk 0:10:51]} 60. Kxh1 {[%clk 0:01:28]} Kxb3
{[%clk 0:11:14]} 61. Nc8 {[%clk 0:01:33]} Kxa4 {[%clk 0:11:12]} 62. Nxa7
{[%clk 0:01:57]} b5 {[%clk 0:11:11]} 63. Nxb5 {[%clk 0:02:03]} Kxb5
{[%clk 0:11:31]} 64. Kg1 {[%clk 0:02:27]} Kc4 {[%clk 0:11:37]} 65. Kf2
{[%clk 0:02:44]} Kd4 {[%clk 0:10:58]} 66. Kf3 {[%clk 0:02:57]} Ke5
{[%clk 0:11:19]} 67. Ke3 {[%clk 0:03:14]} f5 {[%clk 0:11:21]} 68. Kf3
{[%clk 0:03:40]} f4 {[%clk 0:11:32]} 69. Kf2 {[%clk 0:04:02]} 1/2-1/2

[Event "FIDE World Youth U16 Chess Olympiad SLOVAKIA 2016"]
[Site "Poprad Tatry SLOVAKIA"]
[Date "2016.07.25"]
[Round "5"]
[Board "3"]
[White "Verbovsky, Michal"]
[Black "Theocharous, Mikis"]
[Result "1-0"]
[WhiteElo "1685"]
[BlackElo "1604"]
[PlyCount "0"]
[EventDate "2016.07.22"]
[EventType "team"]
[EventRounds "9"]
[EventCountry "SVK"]
[WhiteTeam "Slovakia PSZ"]
[BlackTeam "Cyprus"]

1. e4 {[%clk 1:30:44]} e5 {[%clk 1:30:49]} 2. Nf3 {[%clk 1:30:43]} Nc6
{[%clk 1:31:09]} 3. Bb5 {[%clk 1:30:43]} Nge7 {[%clk 1:31:09]} 4. O-O
{[%clk 1:27:24]} g6 {[%clk 1:29:59]} 5. d4 {[%clk 1:22:55]} exd4 {[%clk 1:26:50]}
6. Nxd4 {[%clk 1:23:01]} Bg7 {[%clk 1:24:10]} 7. c3 {[%clk 1:15:04]} O-O
{[%clk 1:20:31]} 8. Be3 {[%clk 1:12:24]} d6 {[%clk 1:06:45]} 9. Nd2
{[%clk 0:56:25]} a6 {[%clk 0:47:02]} 10. Bxc6 {[%clk 0:46:52]} Nxc6
{[%clk 0:41:18]} 11. f4 {[%clk 0:32:03]} f5 {[%clk 0:30:22]} 12. exf5
{[%clk 0:27:55]} Nxd4 {[%clk 0:28:03]} 13. Bxd4 {[%clk 0:27:10]} Bxd4+
{[%clk 0:26:19]} 14. cxd4 {[%clk 0:27:01]} Rxf5 {[%clk 0:26:07]} 15. Qb3+
{[%clk 0:20:46]} Kf8 {[%clk 0:19:33]} 16. Rae1 {[%clk 0:19:32]} Qf6
{[%clk 0:18:19]} 17. Qe3 {[%clk 0:19:10]} Bd7 {[%clk 0:17:47]} 18. Ne4
{[%clk 0:18:04]} Qf7 {[%clk 0:15:42]} 19. Ng5 {[%clk 0:16:45]} Qg7
{[%clk 0:12:32]} 20. Qd2 {[%clk 0:09:36]} Rd5 {[%clk 0:07:10]} 21. Re4
{[%clk 0:06:57]} h6 {[%clk 0:06:12]} 22. Nf3 {[%clk 0:06:27]} Bf5
{[%clk 0:06:12]} 23. Re3 {[%clk 0:06:06]} c5 {[%clk 0:05:46]} 24. Qa5
{[%clk 0:04:36]} cxd4 {[%clk 0:03:27]} 25. Qxd5 {[%clk 0:04:44]} dxe3
{[%clk 0:03:56]} 26. Qxd6+ {[%clk 0:04:59]} Qe7 {[%clk 0:02:41]} 27. Qxe7+ Kxe7
{[%clk 0:03:10]} 28. Re1 {[%clk 0:05:31]} Rc8 {[%clk 0:02:23]} 29. Rxe3+
{[%clk 0:05:52]} Kf6 {[%clk 0:02:52]} 30. Re2 {[%clk 0:05:54]} Bg4
{[%clk 0:03:00]} 31. Kf2 {[%clk 0:06:07]} g5 {[%clk 0:02:43]} 32. h3
{[%clk 0:06:08]} Bxf3 {[%clk 0:02:38]} 33. fxg5+ {[%clk 0:05:41]} Kxg5
{[%clk 0:02:37]} 34. Kxf3 {[%clk 0:06:05]} Rf8+ {[%clk 0:02:21]} 35. Kg3
{[%clk 0:06:21]} Rf6 {[%clk 0:02:26]} 36. Re5+ {[%clk 0:06:28]} Kg6
{[%clk 0:02:39]} 37. Re7 {[%clk 0:04:58]} b6 {[%clk 0:02:02]} 38. Re2
{[%clk 0:04:55]} Rc6 {[%clk 0:01:11]} 39. Kh2 {[%clk 0:04:46]} Kf5
{[%clk 0:00:59]} 40. g3 {[%clk 0:04:59]} Rd6 {[%clk 0:00:48]} 41. Kg2
{[%clk 0:05:17]} b5 {[%clk 0:00:42]} 42. a3 {[%clk 0:04:44]} a5 {[%clk 0:00:59]}
43. Kf2 {[%clk 0:04:34]} Rd5 {[%clk 0:00:56]} 44. b3 {[%clk 0:04:10]} h5
{[%clk 0:00:35]} 45. Re3 {[%clk 0:04:24]} Kg5 {[%clk 0:00:42]} 46. Kf3
{[%clk 0:04:46]} Kf5 {[%clk 0:00:37]} 47. Rc3 {[%clk 0:03:53]} Ke5
{[%clk 0:00:42]} 48. Ke3 {[%clk 0:03:50]} Kf5 {[%clk 0:00:59]} 49. b4
{[%clk 0:03:37]} axb4 {[%clk 0:00:42]} 50. axb4 {[%clk 0:03:57]} Re5+
{[%clk 0:01:05]} 51. Kf3 {[%clk 0:04:04]} Kg6 {[%clk 0:00:57]} 52. Rc5
{[%clk 0:03:42]} Rxc5 {[%clk 0:00:44]} 53. bxc5 {[%clk 0:04:01]} b4
{[%clk 0:01:04]} 54. Ke3 {[%clk 0:03:36]} b3 {[%clk 0:00:43]} 55. Kd2
{[%clk 0:04:02]} Kf5 {[%clk 0:00:45]} 56. c6 {[%clk 0:03:42]} Ke6
{[%clk 0:00:37]} 57. g4 {[%clk 0:03:59]} hxg4 {[%clk 0:00:52]} 58. hxg4
{[%clk 0:04:19]} Kd6 {[%clk 0:01:15]} 59. g5 {[%clk 0:04:32]} 1-0

[Event "FIDE World Youth U16 Chess Olympiad SLOVAKIA 2016"]
[Site "Poprad Tatry SLOVAKIA"]
[Date "2016.07.25"]
[Round "5"]
[Board "4"]
[White "Charalambous, Charalambos"]
[Black "Liscinska, Lucia"]
[Result "0-1"]
[WhiteElo "1593"]
[BlackElo "1619"]
[PlyCount "0"]
[EventDate "2016.07.22"]
[EventType "team"]
[EventRounds "9"]
[EventCountry "SVK"]
[WhiteTeam "Cyprus"]
[BlackTeam "Slovakia PSZ"]

1. e4 {[%clk 1:30:58]} e5 {[%clk 1:30:47]} 2. Nf3 {[%clk 1:31:21]} Nc6
{[%clk 1:31:05]} 3. Bc4 {[%clk 1:31:41]} Bc5 {[%clk 1:31:11]} 4. O-O
{[%clk 1:32:01]} Nf6 {[%clk 1:31:14]} 5. Nc3 {[%clk 1:32:21]} d6 {[%clk 1:30:35]}
6. d3 {[%clk 1:32:37]} Bg4 {[%clk 1:29:53]} 7. Be3 {[%clk 1:32:01]} Nd4
{[%clk 1:23:23]} 8. Re1 {[%clk 1:24:33]} Nxf3+ {[%clk 1:15:33]} 9. gxf3
{[%clk 1:24:53]} Bh3 {[%clk 1:14:50]} 10. Ne2 {[%clk 1:17:01]} Nh5
{[%clk 1:04:50]} 11. Qd2 {[%clk 1:13:28]} Qf6 {[%clk 0:53:57]} 12. f4
{[%clk 0:57:28]} exf4 {[%clk 0:48:37]} 13. Bxf4 {[%clk 0:52:50]} g5
{[%clk 0:43:34]} 14. Ng3 {[%clk 0:39:03]} gxf4 {[%clk 0:36:36]} 15. Nxh5
{[%clk 0:37:06]} Qg6+ {[%clk 0:35:29]} 16. Ng3 {[%clk 0:37:25]} fxg3
{[%clk 0:34:41]} 17. hxg3 {[%clk 0:37:48]} Qxg3+ {[%clk 0:32:19]} 18. Kh1
{[%clk 0:37:24]} Qg2# {[%clk 0:32:35]} 0-1

[Event "FIDE World Youth U16 Chess Olympiad SLOVAKIA 2016"]
[Site "Poprad Tatry SLOVAKIA"]
[Date "2016.07.27"]
[Round "6"]
[Board "1"]
[White "Golubov, Saveliy"]
[Black "Maghsoodloo, Parham"]
[Result "0-1"]
[WhiteElo "2497"]
[BlackElo "2501"]
[PlyCount "94"]
[EventDate "2016.07.22"]
[EventType "team"]
[EventRounds "9"]
[EventCountry "SVK"]
[WhiteTeam "Russia"]
[BlackTeam "Iran"]

1. e4 e5 2. Nf3 Nc6 3. Nc3 Nf6 4. g3 d6 5. Bg2 Be7 6. O-O O-O 7. d3 a6 8. Ne1
b5 9. f4 Rb8 10. Nd5 exf4 11. Nxe7+ Nxe7 12. Bxf4 Nd7 13. Nf3 Bb7 14. a4 b4 15.
a5 Ng6 16. Bg5 f6 17. Bd2 c5 18. c3 bxc3 19. bxc3 c4 20. dxc4 Bxe4 21. Be3 Qc7
22. Qd4 Nc5 23. Rad1 Rfd8 24. Nh4 Bxg2 25. Nxg2 Qxa5 26. Qd5+ Kh8 27. Bxc5 dxc5
28. Ra1 Qb6 29. Rab1 Qxb1 30. Qxd8+ Rxd8 31. Rxb1 Ne5 32. Nf4 h6 33. Ne6 Rc8
34. Rb7 g5 35. Rb6 a5 36. Ra6 Nxc4 37. Ra7 f5 38. h4 Re8 39. Nxc5 Re3 40. Kf2
g4 41. h5 Rf3+ 42. Kg2 Ne3+ 43. Kh2 Nf1+ 44. Kg2 Nxg3 45. Ra6 Kh7 46. Ne6 Nxh5
47. Rxa5 Nf4+ 0-1

[Event "FIDE World Youth U16 Chess Olympiad SLOVAKIA 2016"]
[Site "Poprad Tatry SLOVAKIA"]
[Date "2016.07.27"]
[Round "6"]
[Board "2"]
[White "Firouzja, Alireza"]
[Black "Esipenko, Andrey"]
[Result "1/2-1/2"]
[WhiteElo "2481"]
[BlackElo "2477"]
[PlyCount "143"]
[EventDate "2016.07.22"]
[EventType "team"]
[EventRounds "9"]
[EventCountry "SVK"]
[WhiteTeam "Iran"]
[BlackTeam "Russia"]

1. c4 c6 2. e4 d5 3. exd5 cxd5 4. d4 Nf6 5. Nc3 e6 6. Nf3 Be7 7. Bd3 O-O 8. O-O
dxc4 9. Bxc4 Nc6 10. Bg5 b6 11. a3 Bb7 12. Re1 Rc8 13. Ba2 Nd5 14. Bd2 Nxc3 15.
Bxc3 Bf6 16. Ne5 Ne7 17. Qa4 Rc7 18. Bc4 Nd5 19. Bf1 a5 20. Qb3 Qa8 21. Bd2 Ba6
22. Rac1 Rfc8 23. Bb5 Bxb5 24. Qxb5 Bxe5 25. dxe5 Rc2 26. Rxc2 Rxc2 27. Bc3
Nxc3 28. bxc3 Qd8 29. Qc6 h6 30. Rf1 Qb8 31. g3 Qxe5 32. Qe8+ Kh7 33. Qxf7 Rxc3
34. a4 Rc4 35. Qe8 Qe4 36. Ra1 Rb4 37. h4 Rb2 38. Qf7 Rd2 39. Rc1 Qd5 40. Kh2
Qf5 41. Qxf5+ exf5 42. Kg2 Rd4 43. Rc6 Rb4 44. h5 Kg8 45. Kf3 Kf7 46. Kg2 Rxa4
47. Rxb6 Rb4 48. Ra6 a4 49. Kf3 Ke7 50. Ke3 Re4+ 51. Kd3 Kf7 52. Ra7+ Kf6 53.
Ra6+ Kg5 54. Rg6+ Kxh5 55. Rxg7 Rg4 56. Ra7 Rb4 57. Ke3 Kg5 58. Kf3 Rb3+ 59.
Kg2 a3 60. Ra6 f4 61. gxf4+ Kxf4 62. Rxh6 Ke4 63. Ra6 Kd4 64. f4 Kc3 65. Kf3
Kb2+ 66. Ke4 a2 67. Rxa2+ Kxa2 68. f5 Rb8 69. f6 Kb3 70. Kd5 Rb6 71. Ke5 Rxf6
72. Kxf6 1/2-1/2

[Event "FIDE World Youth U16 Chess Olympiad SLOVAKIA 2016"]
[Site "Poprad Tatry SLOVAKIA"]
[Date "2016.07.27"]
[Round "6"]
[Board "3"]
[White "Lobanov, Sergei"]
[Black "Gholami, Aryan"]
[Result "0-1"]
[WhiteElo "2433"]
[BlackElo "2454"]
[PlyCount "60"]
[EventDate "2016.07.22"]
[EventType "team"]
[EventRounds "9"]
[EventCountry "SVK"]
[WhiteTeam "Russia"]
[BlackTeam "Iran"]

1. e4 c5 2. Nf3 e6 3. d4 cxd4 4. Nxd4 Nf6 5. Nc3 Bb4 6. Bd3 d6 7. O-O O-O 8.
Kh1 Bxc3 9. bxc3 e5 10. Nb3 Qc7 11. f4 Nbd7 12. Qe1 b6 13. f5 Bb7 14. c4 Qc6
15. Nd2 Nc5 16. Qh4 Nfxe4 17. Nxe4 Nxe4 18. Rf3 f6 19. Be3 Rf7 20. Re1 Nc5 21.
Rg3 Nxd3 22. cxd3 d5 23. Rc1 Rc8 24. Qh5 dxc4 25. Rxc4 Qd7 26. Rh4 Qxd3 27.
Qxh7+ Kf8 28. h3 Qf1+ 29. Kh2 Rd8 30. Qh8+ Ke7 0-1

[Event "FIDE World Youth U16 Chess Olympiad SLOVAKIA 2016"]
[Site "Poprad Tatry SLOVAKIA"]
[Date "2016.07.27"]
[Round "6"]
[Board "4"]
[White "Tahbaz, Arash"]
[Black "Sarana, Alexey"]
[Result "1/2-1/2"]
[WhiteElo "2406"]
[BlackElo "2422"]
[PlyCount "83"]
[EventDate "2016.07.22"]
[EventType "team"]
[EventRounds "9"]
[EventCountry "SVK"]
[WhiteTeam "Iran"]
[BlackTeam "Russia"]

1. e4 c5 2. Nf3 d6 3. Bb5+ Nd7 4. d4 cxd4 5. Qxd4 a6 6. Bxd7+ Bxd7 7. O-O h6 8.
c4 e5 9. Qd3 Nf6 10. Nc3 Be7 11. a4 b6 12. b3 Bc6 13. Ba3 Qd7 14. Rfd1 Qb7 15.
Nd2 O-O 16. b4 b5 17. axb5 axb5 18. cxb5 Bd7 19. Nb3 Rfb8 20. Rdc1 Bf8 21. Bb2
Rxa1 22. Rxa1 Bxb5 23. Qc2 Bc6 24. Nd2 Qxb4 25. Ba3 Qa5 26. Ra2 Qd8 27. Qd3 Qd7
28. h3 Qe6 29. Rb2 Ra8 30. Rb6 Qd7 31. Nc4 Rd8 32. Na5 Ba8 33. Nc4 Bc6 34. Na5
Ba8 35. Nc4 Qc7 36. Bxd6 Qa7 37. Qe3 Bxd6 38. Rxd6 Qa1+ 39. Kh2 Rc8 40. Rd1 Qa6
41. Nxe5 Qa5 42. Qd4 1/2-1/2